| Поле | Название | Значение |
| |
Тип записи |
a |
| |
Библиографический уровень |
m |
| 001 |
Контрольный номер |
RU\NLR\BIBL_A\011808159 |
| 005 |
Дата корректировки |
20190708123052.0 |
| 010 |
Индекс ISBN |
__ |
| a |
ISBN |
978-5-17-101605-0 |
| 9 |
Тираж |
3000 |
| d |
Цена |
654-28 |
| 021 |
№ государственной регистрации |
__ |
| a |
Код страны |
RU |
| b |
№ документа |
2018-63506 |
| 035 |
Другие системные номера |
__ |
| a |
Идентификатор записи |
(RuMoRGB)009726241 |
| 100 |
Данные общей обработки |
__ |
| a |
Данные общей обработки |
20181003d2018 u y0rusy0189 ca |
| 101 |
Язык документа |
0_ |
| a |
Язык текста |
rus |
| 102 |
Страна публикации |
__ |
| a |
Страна публикации |
RU |
| 105 |
Кодированные данные (монография) |
__ |
| a |
Кодированные данные (монография) |
a|||z|||000zy |
| 200 |
Заглавие и сведения об ответственности |
1_ |
| a |
Заглавие |
Мой лучший друг - желудок |
| e |
Сведения, относящиеся к заглавию |
еда для умных людей |
| f |
Первые сведения об ответственности |
Елена Мотова |
| 210 |
Выходные данные |
1_ |
| a |
Место издания |
Москва |
| c |
Издательство |
АСТ |
| c |
Издательство |
Времена |
| d |
Дата издания |
2019 |
| 215 |
Физическое описание |
__ |
| a |
Объем |
494, [1] с. |
| c |
Иллюстрации/тип воспроизводства |
ил. |
| d |
Формат |
22 |
| 225 |
Серия (Журнальная рубрика) |
1_ |
| a |
Серия (Журнальная рубрика) |
Научпоп для всех |
| 300 |
Общие примечания |
__ |
| a |
Общие примечания |
На 4-й с. обл. авт.: Елена Мотова, врач-диетолог, журналист |
| 320 |
Библиография |
__ |
| a |
Библиография |
Библиогр.: с. 472-492 |
| 330 |
Аннотация |
__ |
| a |
Аннотация |
Перед вами – новый формат книги о питании. Вы узнаете не только о пищеварении и обмене веществ, но и о том, как мозг и гормоны регулируют вес. Каким образом формируются пищевые привычки, почему люди толстеют после диет и зачем нам нужны разные питательные вещества – на эти и другие вопросы отвечает наука о питании. Врач-диетолог Елена Мотова написала эту книгу на основе цикла практических занятий. Это истории о диетологии, новые медицинские исследования и советы по изменению пищевого поведения в одном флаконе. От мифов о питании камня на камне не останется. Осторожно, доказательная диетология! |
| 333 |
Примечание о целевом назначении |
__ |
| a |
Примечание о целевом назначении |
12+ |
| 606 |
Тематические рубрики |
1_ |
| a |
Основная рубрика |
Здравоохранение. Медицинские науки |
| 2 |
Код системы |
nlr_sh |
| 3 |
Контрольный № нормативной записи |
RU\NLR\AUTH\66462912 |
| j |
Формальный подзаголовок |
Популярные издания |
| 606 |
Тематические рубрики |
__ |
| a |
Основная рубрика |
Диетология |
| 610 |
Ключевые слова |
0_ |
| a |
Ключевые слова |
питание рациональное |
| a |
Ключевые слова |
рациональное питание |
| a |
Ключевые слова |
желудок |
| a |
Ключевые слова |
печень |
| a |
Ключевые слова |
кишечник |
| a |
Ключевые слова |
диеты |
| a |
Ключевые слова |
пищеварение |
| a |
Ключевые слова |
обмен веществ |
| 686 |
Индексы других классификаций |
__ |
| a |
Индекс ББК |
51.230 |
| v |
Номер издания |
LBC/SL |
| 2 |
Код системы |
rubbk |
| 700 |
Автор |
_1 |
| a |
Фамилия |
Мотова |
| b |
Имя |
Е. В. |
| g |
Полное личное имя |
Елена Валерьевна |
| 801 |
Источник записи |
_0 |
| a |
Страна |
RU |
| b |
Организация |
NLR |
| c |
Дата составления |
20181003 |
| g |
Правила каталогизации |
RCR |
| 801 |
Источник записи |
_1 |
| a |
Страна |
RU |
| b |
Организация |
NLR |
| c |
Дата составления |
20181003 |
| 2 |
Код формата |
rusmarc |
| 801 |
Источник записи |
_2 |
| a |
Страна |
RU |
| b |
Организация |
NLR |
| c |
Дата составления |
20181010 |
| 2 |
Код формата |
rusmarc |
| 801 |
Источник записи |
_2 |
| a |
Страна |
RU |
| b |
Организация |
Центральная районная библиотека им. Г. А. Пирожникова |
| 852 |
Данные о местонахождении |
__ |
| j |
Шифр хранения |
51.230 |
| i |
Авторский знак |
М 854 |
| 901 |
Тип документа |
__ |
| t |
Тип документа |
m |
| 902 |
Роль лиц |
__ |
| b |
Редактор БЗ |
ОКиОЛ/Струналь |